Crime, politics, and race

Gespeichert in:  
Bibliographische Detailangaben
1. VerfasserIn: Gross, Samuel R. (Verfasst von)
Medienart: Druck Aufsatz
Sprache:Englisch
Veröffentlicht: 1997
In: Harvard journal of law and public policy
Jahr: 1997, Band: 20, Heft: 2, Seiten: 405-415
Verfügbarkeit prüfen: HBZ Gateway

MARC

LEADER 00000caa a22000002c 4500
001 1912498960
003 DE-627
005 20250126054948.0
007 tu
008 241217s1997 xx ||||| 00| ||eng c
035 |a (DE-627)1912498960 
035 |a (DE-599)KXP1912498960 
040 |a DE-627  |b ger  |c DE-627  |e rda 
041 |a eng 
084 |a 2,1  |2 ssgn 
100 1 |a Gross, Samuel R.  |e VerfasserIn  |4 aut 
245 1 0 |a Crime, politics, and race 
264 1 |c 1997 
336 |a Text  |b txt  |2 rdacontent 
337 |a ohne Hilfsmittel zu benutzen  |b n  |2 rdamedia 
338 |a Band  |b nc  |2 rdacarrier 
773 0 8 |i Enthalten in  |t Harvard journal of law and public policy  |d Langdell Hall, Mass., 1978  |g 20(1997), 2, Seite 405-415  |w (DE-627)168214016  |w (DE-600)703708-9  |w (DE-576)015951308  |x 0193-4872  |7 nnas 
773 1 8 |g volume:20  |g year:1997  |g number:2  |g pages:405-415 
787 0 8 |i Forschungsdaten  |a United States Department of Justice. Federal Bureau of Investigation  |t Uniform Crime Reporting Program Data (United States): County-Level Detailed Arrest and Offense Data, 1992  |d [Erscheinungsort nicht ermittelbar] : [Verlag nicht ermittelbar], 1994  |w (DE-627)184006305X 
787 0 8 |i Forschungsdaten  |a United States Department of Justice. Federal Bureau of Investigation  |t Uniform Crime Reporting Program Data (United States): Property Stolen and Recovered, 1966-1976  |d [Erscheinungsort nicht ermittelbar] : [Verlag nicht ermittelbar], 1984  |w (DE-627)1840060085 
935 |a mkri 
951 |a AR 
ELC |b 1 
LOK |0 000 xxxxxcx a22 zn 4500 
LOK |0 001 4637464463 
LOK |0 003 DE-627 
LOK |0 004 1912498960 
LOK |0 005 20241217044256 
LOK |0 008 241217||||||||||||||||ger||||||| 
LOK |0 035   |a (DE-2619)ICPSR12643 
LOK |0 040   |a DE-2619  |c DE-627  |d DE-2619 
LOK |0 092   |o n 
LOK |0 852   |a DE-2619 
LOK |0 852 1  |9 00 
LOK |0 935   |a nacp 
LOK |0 939   |a 17-12-24  |b l01 
ORI |a SA-MARC-krimdoka001.raw